| 000 | 00551nam a22001697a 4500 | ||
|---|---|---|---|
| 005 | 20231106104551.0 | ||
| 008 | 231106b |||||||| |||| 00| 0 eng d | ||
| 041 | _aEnglish | ||
| 082 | _a346.5 MAC | ||
| 100 |
_aHull, R and Hull IM _lEnglish |
||
| 245 |
_aMacdonell, Sheard and Hull on Probate Practice / _cR Hull and IM Hull |
||
| 250 | _aFourth Edition | ||
| 260 |
_aCanada : _bThomson Professional Publishing, _c1996 |
||
| 300 |
_blxxii, 636 pages ; _c26 pages. |
||
| 650 |
_aLegal practice _bLaw |
||
| 942 |
_cBK _6ALISON_BN_VRIES |
||
| 999 |
_c310 _d310 |
||